00505nam a22000855a 4500040000800000082002600008245027700034260006200311300004600373 cDLC a630 INS 1980 A054 Or.12aA summary of the recommendations made at the Conference on the Communication Responsibilities of the International Agricultural Research Centers :bjointly sponsored and published by the Agricultural Development Council, Inc. and the International Rice Research Institute. aLos Baños, Laguna, Philippines :bThe Institute,c1980. avii, 35, [6] p. of plates : ill. ; 26 cm.